000 00746cab a2200217 4500
001 WB2631-42
008 090401t1990 xxu||||| |||| 00| 0 eng d
035 _a(Sirsi) u35826
041 _aeng
245 _aEstate agency acquisitions
260 _c1990
350 _a0
490 _aFinancial Adviser
_vno 166, 9/8/90 p8 Birmingham Post 8/8/90 pB3
520 _aHambro Countrywide has acquired the Cornwall -based estate agency Miller and Company and Cheltenham and Gloucester has taken over the 20 branch chain Griffiths Mumford .
650 _aACQUISITIONS
650 _aBUILDING SOCIETIES
650 _aFINANCIAL INSTITUTIONS
690 _aMANAGEMENT-BUSINESS MANAGEMENT-PROFESSIONAL PRACTICE
942 _n0
948 _c04/03/1997
999 _c23426
_d23426